Govt. of
Madhya Pradesh

Globalization, agrarian Economy aand Environmental Challenges in india (Record no. 56153)

MARC details
000 -LEADER
fixed length control field 00468nam a22001577a 4500
003 - CONTROL NUMBER IDENTIFIER
control field MACL
005 - DATE AND TIME OF LATEST TRANSACTION
control field 20170326133920.0
008 - FIXED-LENGTH DATA ELEMENTS--GENERAL INFORMATION
fixed length control field 170326b xxu||||| |||| 00| 0 eng d
040 ## - CATALOGING SOURCE
Transcribing agency MACL
082 ## - DEWEY DECIMAL CLASSIFICATION NUMBER
Classification number 333/Cha
100 ## - MAIN ENTRY--PERSONAL NAME
Personal name Pranav Kumar Chattopadhayay
9 (RLIN) 66881
245 ## - TITLE STATEMENT
Title Globalization, agrarian Economy aand Environmental Challenges in india
260 ## - PUBLICATION, DISTRIBUTION, ETC. (IMPRINT)
Place of publication, distribution, etc. New Delhi
Name of publisher, distributor, etc. Concept Publishing company Pvt Ltd
Date of publication, distribution, etc. 2015
650 ## - SUBJECT ADDED ENTRY--TOPICAL TERM
Topical term or geographic name as entry element 333/Environment
9 (RLIN) 66882
942 ## - ADDED ENTRY ELEMENTS (KOHA)
Source of classification or shelving scheme
Koha item type Books
Holdings
Withdrawn status Lost status Source of classification or shelving scheme Damaged status Not for loan Home library Current library Date acquired Cost, normal purchase price Total Checkouts Full call number Barcode Date last seen Date last checked out Price effective from Koha item type
          MACL MACL 26/03/2017 1500.00 1 333/Cha CRE032829 02/05/2024 24/08/2017 26/03/2017 Books